Library Banner

پنجابی اردو لغت (Record no. 75864)

MARC details
000 -LEADER
fixed length control field 00415nam a22001457a 4500
005 - DATE AND TIME OF LATEST TRANSACTION
control field 20160520211056.0
008 - FIXED-LENGTH DATA ELEMENTS--GENERAL INFORMATION
fixed length control field 150916b xxu||||| |||| 00| 0 eng d
040 ## - CATALOGING SOURCE
Transcribing agency PK-LaUMT
082 ## - DEWEY DECIMAL CLASSIFICATION NUMBER
Classification number KHC R 891.4203
Item number TAN-P
100 ## - MAIN ENTRY--PERSONAL NAME
Personal name تنویر بخاری
245 ## - TITLE STATEMENT
Title پنجابی اردو لغت
Statement of responsibility, etc تنویر بخاری
260 ## - PUBLICATION, DISTRIBUTION, ETC. (IMPRINT)
Place of publication, distribution, etc لاہور
Name of publisher, distributor, etc اردو سائینس بورڈ
Date of publication, distribution, etc 1989
300 ## - PHYSICAL DESCRIPTION
Extent 1540 ص
942 ## - ADDED ENTRY ELEMENTS (KOHA)
Koha item type Reference
Holdings
Withdrawn status Lost status Damaged status Home library Current library Date acquired Full call number Barcode Date last seen Price effective from Koha item type
      UMT Main Campus UMT Main Campus 2015-09-16 KHC R 891.4203 TAN-P 68477 2016-05-20 2015-09-16 Books